| Tag |
First Indicator |
Second Indicator |
Subfields |
| LEADER |
00000ctm a2200000Ia 4500 |
| 001 |
in00002125821 |
| 005 |
20151103062512.0 |
| 007 |
he bmb024baca |
| 007 |
cr bn- |
| 008 |
060127s2004 xx bbm 000 0 eng d |
| 035 |
|
|
|a (OCoLC)ocm63179089
|
| 037 |
|
|
|a PE 4686
|b Kinesiology Publications
|
| 040 |
|
|
|a ORU
|c INT
|d INT
|d HPE
|d UtOrBLW
|
| 043 |
|
|
|a n-us---
|
| 049 |
|
|
|a TXAM
|
| 090 |
|
|
|a LC2580.6
|b .G55 2004a
|
| 092 |
|
|
|a 796.043
|
| 100 |
1 |
|
|a Giles, Bridgett D.
|
| 245 |
1 |
0 |
|a College experience of female athletes :
|b differences by race /
|c by Bridgett D. Giles.
|
| 264 |
|
1 |
|a [Place of publication not identified] :
|b [publisher not identified] ;
|c [2004]
|
| 264 |
|
4 |
|c ©2004
|
| 300 |
|
|
|a iv, 74 leaves.
|
| 336 |
|
|
|a text
|b txt
|2 rdacontent
|
| 337 |
|
|
|a microform
|b h
|2 rdamedia
|
| 338 |
|
|
|a microfiche
|b he
|2 rdacarrier
|
| 502 |
|
|
|b M.S.
|c Springfield College
|d 2004.
|
| 504 |
|
|
|a Includes bibliographical references.
|
| 530 |
|
|
|a Also available online (PDF file) by a subscription to the set or by purchasing the individual file.
|
| 533 |
|
|
|a Microfiche.
|b Eugene :
|c Kinesiology Publications, University of Oregon,
|d 2005.
|e 1 microfiche : negative.
|n "UO 05 173."
|
| 500 |
|
|
|a Microform.
|
| 650 |
|
0 |
|a College athletes
|z United States
|x Social conditions.
|
| 650 |
|
0 |
|a Women athletes
|z United States
|x Social conditions.
|
| 650 |
|
0 |
|a Women college students
|z United States
|x Social conditions.
|
| 650 |
|
0 |
|a African American women
|x Education (Higher)
|
| 948 |
|
|
|a cataloged
|b h
|c 2006/4/25
|d c
|e ceaton
|f 10:36:12 am
|
| 994 |
|
|
|a 92
|b TXA
|
| 999 |
|
|
|a MARS
|
| 999 |
f |
f |
|s e2722429-98af-3b31-acab-1ce2ee101713
|i f1a70d1a-397c-3c35-ad85-d9de93cfed30
|t 0
|
| 952 |
f |
f |
|p normal
|a Texas A&M University
|b College Station
|c Sterling C. Evans Library
|d Evans: Microforms Fiche (3rd floor)
|t 0
|e LC2580.6 .G55 2004a
|h Library of Congress classification
|i microform -- microfiche
|m A14833561286
|
| 998 |
f |
f |
|a LC2580.6 .G55 2004a
|t 0
|l Evans: Microforms Fiche (3rd floor)
|